Priestorový model duopolu so zásahom regulátora
Model priestorovej konkurencie, v ktorom do rozhodovacieho procesu firiem o ich lokácii vstupuje regulátor ako autorita sledujúca svoje ciele. Model so zásahom regulátora.
Guardado en:
| Autor principal: | |
|---|---|
| Otros Autores: | |
| Formato: | Capítulo de libro |
| Lenguaje: | eslovaco |
| Materias: | |
| Etiquetas: |
Sin Etiquetas, Sea el primero en etiquetar este registro!
|
MARC
| LEADER | 00000naa$a2200000$$$4500 | ||
|---|---|---|---|
| 001 | 0280109 | ||
| 005 | 20240502074339.1 | ||
| 041 | 0 | |a slo | |
| 044 | |a SK | ||
| 245 | 1 | 0 | |a Priestorový model duopolu so zásahom regulátora |c Zuzana Čičková, Patrícia Holzerová |
| 520 | |a Model priestorovej konkurencie, v ktorom do rozhodovacieho procesu firiem o ich lokácii vstupuje regulátor ako autorita sledujúca svoje ciele. Model so zásahom regulátora. | ||
| 610 | 2 | 0 | |a konkurencia |
| 610 | 2 | 0 | |a procesy rozhodovacie |
| 610 | 2 | 0 | |a dotácie |
| 100 | 1 | |a Čičková, Zuzana, 1978- | |
| 700 | 1 | |a Holzerová, Patrícia, 1995- | |